000 00595nam a2200133Ia 4500
008 100204s9999 xx 000 0 und d
082 _b1779
245 _aप्रार्थना संग्रह आणि सामाजिक उपासना
260 _bवेदांत पुस्तक प्रकाशन
300 _a216
630 _aप्रार्थना संग्रह आणि सामाजिक उपासना
730 _aप्रार्थना संग्रह आणि सामाजिक उपासना
942 _cBOOK
999 _c446933
_d446930